10 Biggest cities in Bulgaria - Statistics

General Stats
  • This quiz has been taken 199 times
  • The average score is 7 of 10
Answer Stats
Population Cities % Correct
1 152 556 Sofia
100%
312 770 Varna
91%
340 494 Plovdiv
88%
195 966 Burgas
86%
156 238 Ruse
59%
143 431 Stara Zagora
58%
118 675 Pleven
53%
96 368 Sliven
51%
94 831 Dobrich
47%
87 283 Shumen
43%
No matching quizzes found
Score Distribution
Percent of People with Each Score
Percentile by Number Answered
Your Score History
You have not taken this quiz